[Event "RM-2012-0-00097"]
[Site "LSS email"]
[Date "2012.05.12"]
[Round "?"]
[White "Pahlen, Hans"]
[Black "Szabo, Mihaly"]
[Result "1/2-1/2"]
[WhiteElo "2198"]
[BlackElo "2210"]
[PlyCount "61"]
[EventDate "2012.04.08"]
[EventType "tourn (corr)"]
[EventRounds "6"]
[EventCountry "GER"]
[SourceTitle "Telechess CBM 155"]
[Source "ChessBase"]
[SourceDate "2013.07.16"]
[SourceVersion "1"]
[SourceVersionDate "2013.07.16"]
[SourceQuality "1"]

1. d4 Nf6 2. c4 e6 3. Nf3 d5 4. cxd5 exd5 5. Nc3 c6 6. Bg5 h6 7. Bh4 Be6 8. e3 Nbd7 9. Bd3 Bd6 10. 0-0 0-0 11. Qc2 Re8 12. Rab1 Qc7 13. Rfc1 a6 14. b4 Ng4 15. Bg3 Bxg3 16. hxg3 Ndf6 17. a4 Qd6 18. b5 cxb5 19. axb5 a5 20. b6 Bd7 21. Nb5 Bxb5 22. Rxb5 a4 23. Bf5 g6 24. Bxg6 fxg6 25. Qxg6+ Kf8 26. Rbc5 a3 27. Nh2 Nxh2 28. Rc7 Nf3+ 29. gxf3 Re7 30. Rc8+ Rxc8 31. Rxc8+ 1/2-1/2

[Event "RM-2012-0-00097"]
[Site "LSS email"]
[Date "2012.05.06"]
[Round "?"]
[White "Daanen, Aard"]
[Black "Pahlen, Hans"]
[Result "1/2-1/2"]
[WhiteElo "2189"]
[BlackElo "2198"]
[PlyCount "89"]
[EventDate "2012.04.08"]
[EventType "tourn (corr)"]
[EventRounds "6"]
[EventCountry "GER"]
[SourceTitle "Telechess CBM 153"]
[Source "ChessBase"]
[SourceDate "2013.03.14"]
[SourceVersion "1"]
[SourceVersionDate "2013.03.14"]
[SourceQuality "1"]

1. e4 c5 2. Nf3 Nc6 3. d4 cxd4 4. Nxd4 Nf6 5. Nc3 e5 6. Ndb5 d6 7. Bg5 a6 8. Na3 b5 9. Nd5 Be7 10. Bxf6 Bxf6 11. c4 b4 12. Nc2 a5 13. g3 0-0 14. h4 Be6 15. Bg2 Bxd5 16. cxd5 Nb8 17. Ne3 Na6 18. Rc1 Rc8 19. 0-0 Nc5 20. Nc4 g6 21. Qe2 Be7 22. Bh3 Rb8 23. h5 Bg5 24. f4 exf4 25. gxf4 Bh6 26. Qf3 a4 27. e5 dxe5 28. Nxe5 Qd6 29. Qe3 Rfe8 30. hxg6 hxg6 31. Qxc5 Qxc5+ 32. Rxc5 Rxe5 33. fxe5 Be3+ 34. Kg2 Bxc5 35. Rd1 Rb5 36. Kf3 Bb6 37. Bd7 Ra5 38. Ke4 a3 39. Rb1 Rc5 40. d6 Rc4+ 41. Kf3 axb2 42. Rxb2 Rd4 43. Re2 Kf8 44. Bb5 g5 45. Re4 1/2-1/2

[Event "BI-2012-P-00024"]
[Site "LSS email"]
[Date "2012.04.20"]
[Round "?"]
[White "Pahlen, Hans"]
[Black "Dard, Michel"]
[Result "1/2-1/2"]
[WhiteElo "2197"]
[BlackElo "2162"]
[PlyCount "82"]
[EventDate "2012.04.22"]
[EventType "tourn (corr)"]
[EventRounds "10"]
[EventCountry "GER"]
[SourceTitle "Telechess CBM 159"]
[Source "ChessBase"]
[SourceDate "2014.03.17"]
[SourceVersion "1"]
[SourceVersionDate "2014.03.17"]
[SourceQuality "1"]

1. e4 e5 2. Nf3 Nc6 3. Bb5 a6 4. Ba4 Nf6 5. d3 d6 6. c3 g6 7. 0-0 Bg7 8. Re1 0-0 9. Nbd2 b5 10. Bc2 Nd7 11. Nf1 Nb6 12. h3 d5 13. Bg5 Qd6 14. Ne3 d4 15. cxd4 Nxd4 16. Nxd4 exd4 17. Ng4 Bxg4 18. Qxg4 c5 19. b3 f5 20. exf5 Rxf5 21. Bd1 Nd5 22. Bf3 Raf8 23. Rac1 Bf6 24. Bh6 Bg7 25. Bxg7 Kxg7 26. Bxd5 Qxd5 27. Re7+ R8f7 28. Rxf7+ Rxf7 29. Qe2 h5 30. Re1 Rc7 31. Qe8 c4 32. dxc4 bxc4 33. bxc4 Qxc4 34. Re4 Qb5 35. Qe6 Qc5 36. Qxa6 Re7 37. Rxe7+ Qxe7 38. Kf1 Qb4 39. Qa7+ Kh6 40. g3 Qb1+ 41. Kg2 Qe4+ 1/2-1/2

[Event "BI-2012-P-00024"]
[Site "LSS email"]
[Date "2012.04.20"]
[Round "?"]
[White "Pahlen, Hans"]
[Black "Evtyugin, Yury Alekseevich"]
[Result "1-0"]
[WhiteElo "2197"]
[BlackElo "866"]
[PlyCount "51"]
[EventDate "2012.04.22"]
[EventType "tourn (corr)"]
[EventRounds "10"]
[EventCountry "GER"]
[SourceTitle "Telechess CBM 159"]
[Source "ChessBase"]
[SourceDate "2014.03.17"]
[SourceVersion "1"]
[SourceVersionDate "2014.03.17"]
[SourceQuality "1"]

1. e4 g6 2. c4 Bg7 3. Nc3 Nc6 4. Nf3 Ne5 5. Nxe5 Bxe5 6. d4 Bg7 7. Be2 d6 8. Be3 e6 9. 0-0 Ne7 10. Qc2 0-0 11. f3 a6 12. Rfe1 b6 13. Rad1 Bb7 14. Bf1 Qc8 15. d5 exd5 16. cxd5 b5 17. Rc1 c5 18. dxc6 Qxc6 19. Red1 Rfd8 20. Qd2 Qd7 21. Bb6 Rdc8 22. Qxd6 Qxd6 23. Rxd6 b4 24. Ne2 Rc6 25. Rcxc6 Bxc6 26. Bd8 1-0

[Event "RM-2012-0-00093"]
[Site "LSS email"]
[Date "2012.04.09"]
[Round "?"]
[White "Nemec, Zdenek"]
[Black "Pahlen, Hans"]
[Result "1-0"]
[WhiteElo "2245"]
[BlackElo "2215"]
[PlyCount "79"]
[EventDate "2012.02.19"]
[EventType "tourn (corr)"]
[EventRounds "6"]
[EventCountry "GER"]
[SourceTitle "Corr 2015"]
[Source "ChessBase"]
[SourceDate "2015.07.17"]
[SourceVersion "1"]
[SourceVersionDate "2015.07.17"]
[SourceQuality "1"]

1. e4 c5 2. Nf3 e6 3. d4 cxd4 4. Nxd4 a6 5. Nc3 Qc7 6. Bd3 Nf6 7. f4 d6 8. g4 b5 9. g5 Nfd7 10. Qf3 Bb7 11. Be3 Nc5 12. a3 Nc6 13. Nxc6 Nxd3+ 14. cxd3 Qxc6 15. f5 Qd7 16. fxe6 Qxe6 17. 0-0 Be7 18. Ne2 0-0 19. Nd4 Qg6 20. h4 d5 21. e5 Bc5 22. Nf5 Bxe3+ 23. Qxe3 Rfe8 24. Qd4 h6 25. Nd6 Re7 26. Rac1 Rd8 27. Rc2 h5 28. Nf5 Red7 29. Nh6+ Kh7 30. Rg2 Bc8 31. Nxf7 Re8 32. Qc5 Bb7 33. d4 Rc8 34. Qb4 Rdc7 35. Qd6 Rc6 36. Qxg6+ Kxg6 37. Rgf2 a5 38. b4 axb4 39. axb4 Ra8 40. Nd6 1-0

[Event "RM-2012-0-00093"]
[Site "LSS email"]
[Date "2012.04.09"]
[Round "?"]
[White "Pahlen, Hans"]
[Black "Szabo, Mihaly"]
[Result "1/2-1/2"]
[WhiteElo "2215"]
[BlackElo "2218"]
[PlyCount "59"]
[EventDate "2012.02.19"]
[EventType "tourn (corr)"]
[EventRounds "6"]
[EventCountry "GER"]
[SourceTitle "Corr 2015"]
[Source "ChessBase"]
[SourceDate "2015.07.17"]
[SourceVersion "1"]
[SourceVersionDate "2015.07.17"]
[SourceQuality "1"]

1. d4 Nf6 2. c4 e6 3. Nf3 b6 4. e3 Bb7 5. Bd3 d5 6. cxd5 exd5 7. 0-0 Bd6 8. b3 Qe7 9. Bb2 Nbd7 10. Nc3 a6 11. Rc1 0-0 12. Ne2 Ne4 13. Qc2 Rac8 14. Ng3 g6 15. Qe2 Rfe8 16. Rc2 b5 17. a4 bxa4 18. bxa4 c5 19. Bxa6 Bxa6 20. Qxa6 Bxg3 21. hxg3 c4 22. Ra1 Nb8 23. Qb5 Qe6 24. a5 Rc7 25. Bc3 Nc6 26. Qb1 Nxc3 27. Rxc3 Rb8 28. Qc1 Ra7 29. Rca3 Ra6 30. Qc3 1/2-1/2

[Event "RM-2012-0-00093"]
[Site "LSS email"]
[Date "2012.04.08"]
[Round "?"]
[White "Sherwood, Russell"]
[Black "Pahlen, Hans"]
[Result "1/2-1/2"]
[WhiteElo "2131"]
[BlackElo "2215"]
[PlyCount "95"]
[EventDate "2012.02.19"]
[EventType "tourn (corr)"]
[EventRounds "6"]
[EventCountry "GER"]
[SourceTitle "Corr 2015"]
[Source "ChessBase"]
[SourceDate "2015.07.17"]
[SourceVersion "1"]
[SourceVersionDate "2015.07.17"]
[SourceQuality "1"]

1. e4 c5 2. Nf3 e6 3. d4 cxd4 4. Nxd4 a6 5. Bd3 Nf6 6. 0-0 Qc7 7. Qe2 d6 8. c4 g6 9. Nc3 Bg7 10. Nf3 0-0 11. Rd1 Nc6 12. h3 b6 13. Be3 Nd7 14. Qd2 Nc5 15. Bc2 Rd8 16. Bf4 Nb4 17. Bg5 Rd7 18. Ba4 b5 19. cxb5 Nxa4 20. Nxa4 axb5 21. Nc3 d5 22. Bf4 Qb7 23. Ne5 Rd8 24. a4 bxa4 25. Nxa4 Qe7 26. Ng4 Nc6 27. e5 Re8 28. Bg5 Qb4 29. Nc3 Bb7 30. Bf6 Bf8 31. Nh6+ Bxh6 32. Qxh6 Qf8 33. Qh4 Ba6 34. Ra4 Reb8 35. Rc1 Rb6 36. Rf4 Bc8 37. b4 Rxb4 38. Nxd5 exd5 39. Rxc6 Rxf4 40. Qxf4 h6 41. Kh2 Be6 42. Rd6 Kh7 43. h4 h5 44. f3 Rc8 45. Kg3 Rb8 46. Bg5 Rc8 47. Bf6 Rb8 48. Bg5 1/2-1/2

[Event "RM-2012-0-00091"]
[Site "LSS email"]
[Date "2012.03.24"]
[Round "?"]
[White "Fahrbach, Manfred"]
[Black "Pahlen, Hans"]
[Result "0-1"]
[WhiteElo "2073"]
[BlackElo "2220"]
[PlyCount "92"]
[EventDate "2012.01.19"]
[EventType "tourn (corr)"]
[EventRounds "6"]
[EventCountry "GER"]
[SourceTitle "Telechess CBM 153"]
[Source "ChessBase"]
[SourceDate "2013.03.14"]
[SourceVersion "1"]
[SourceVersionDate "2013.03.14"]
[SourceQuality "1"]

1. Nf3 Nf6 2. c4 g6 3. Nc3 Bg7 4. e4 d6 5. d4 0-0 6. Be2 e5 7. 0-0 Nc6 8. d5 Ne7 9. b4 a5 10. Ba3 b6 11. b5 Nd7 12. Bc1 Nc5 13. Bd3 f5 14. Qc2 f4 15. Be2 Kh8 16. Nd2 Ng8 17. Nb3 Nd7 18. a4 g5 19. Bb2 Ndf6 20. f3 g4 21. fxg4 Bxg4 22. Bxg4 Nxg4 23. Rf3 Rf7 24. Qe2 Bf8 25. Bc1 Rg7 26. Bd2 Be7 27. g3 Bg5 28. Raf1 N8f6 29. h3 Nh6 30. Kh2 Nh5 31. g4 Nf6 32. Rh1 Qd7 33. Kg2 Bh4 34. Kf1 Rag8 35. Be1 Bxe1 36. Kxe1 Nf7 37. Rff1 h5 38. Nd1 Rh7 39. Nf2 hxg4 40. hxg4 Nh6 41. g5 Rxg5 42. Nd2 Rg3 43. Nf3 Qg7 44. Kd2 Nhg4 45. Nxg4 Qxg4 46. Rxh7+ Kxh7 0-1

[Event "RM-2012-0-00091"]
[Site "LSS email"]
[Date "2012.03.24"]
[Round "?"]
[White "Jarabinsky, Martin"]
[Black "Pahlen, Hans"]
[Result "1-0"]
[WhiteElo "2221"]
[BlackElo "2220"]
[PlyCount "83"]
[EventDate "2012.01.19"]
[EventType "tourn (corr)"]
[EventRounds "6"]
[EventCountry "GER"]
[SourceTitle "Telechess CBM 153"]
[Source "ChessBase"]
[SourceDate "2013.03.14"]
[SourceVersion "1"]
[SourceVersionDate "2013.03.14"]
[SourceQuality "1"]

1. e4 c5 2. Nf3 Nc6 3. d4 cxd4 4. Nxd4 Nf6 5. Nc3 e5 6. Ndb5 d6 7. Bg5 a6 8. Na3 b5 9. Nd5 Be7 10. Bxf6 Bxf6 11. c3 0-0 12. Nc2 Rb8 13. h4 Be7 14. Nce3 Be6 15. a4 Qd7 16. Be2 b4 17. Bxa6 bxc3 18. bxc3 Qa7 19. Bb5 Rfc8 20. Qd3 Na5 21. Rb1 Bd8 22. g3 Bb6 23. 0-0 Bxe3 24. Nxe3 Rd8 25. Rb4 Nb3 26. Rb1 Nc5 27. Qc2 Qc7 28. Nd5 Bxd5 29. exd5 e4 30. Bc6 f5 31. a5 f4 32. gxf4 Rxb4 33. cxb4 Nd3 34. Qe2 Qe7 35. Qg4 Qa7 36. Rf1 Nxb4 37. f5 Qxa5 38. f6 Qa7 39. Qxe4 Nxc6 40. dxc6 gxf6 41. Kh2 Kh8 42. Qe6 1-0

[Event "RM-2012-0-00091"]
[Site "LSS email"]
[Date "2012.03.24"]
[Round "?"]
[White "Pahlen, Hans"]
[Black "Ederer, Karel"]
[Result "1/2-1/2"]
[WhiteElo "2220"]
[BlackElo "2182"]
[PlyCount "58"]
[EventDate "2012.01.19"]
[EventType "tourn (corr)"]
[EventRounds "6"]
[EventCountry "GER"]
[SourceTitle "Telechess CBM 153"]
[Source "ChessBase"]
[SourceDate "2013.03.14"]
[SourceVersion "1"]
[SourceVersionDate "2013.03.14"]
[SourceQuality "1"]

1. d4 Nf6 2. c4 g6 3. Nc3 d5 4. Qb3 dxc4 5. Qxc4 c6 6. Nf3 b5 7. Qb3 Be6 8. Qc2 b4 9. Na4 Bf5 10. Qc4 Bg7 11. g3 Ne4 12. Bg2 Qa5 13. b3 Nd7 14. Bf4 0-0 15. 0-0 Nb6 16. Nxb6 axb6 17. Rfe1 Rfc8 18. Ne5 Bxe5 19. Bxe5 Nc3 20. e4 Be6 21. Qd3 Rd8 22. Qe3 f6 23. Bf4 Ra7 24. e5 f5 25. Bxc6 Bd5 26. Bxd5+ Qxd5 27. e6 Qxd4 28. Qxd4 Rxd4 29. Kg2 Ra8 1/2-1/2

[Event "IECG WC.2003.F.00003 email"]
[Site "IECG email"]
[Date "2003.12.20"]
[Round "?"]
[White "De Silva, Dinesh"]
[Black "Pahlen, Hans"]
[Result "1/2-1/2"]
[WhiteElo "2300"]
[BlackElo "2272"]
[PlyCount "59"]
[EventDate "2003.12.20"]
[EventType "tourn (corr)"]
[EventRounds "14"]
[SourceTitle "Corr 2008"]
[Source "ChessBase"]
[SourceDate "2008.06.24"]
[SourceVersion "1"]
[SourceVersionDate "2008.06.24"]
[SourceQuality "1"]

1. e4 e6 2. d4 c5 3. d5 exd5 4. exd5 d6 5. Nf3 a6 6. Be2 Nf6 7. a4 Bg4 8. 0-0 Be7 9. Nc3 0-0 10. Bf4 Re8 11. Nd2 Bxe2 12. Qxe2 Nbd7 13. a5 b5 14. axb6 Nxb6 15. Qf3 Qd7 16. Bg3 g6 17. h3 Nh5 18. Rfe1 Nxg3 19. Qxg3 Bf8 20. Rxe8 Qxe8 21. Nce4 Qe7 22. Qb3 Qd8 23. Nc4 Nxc4 24. Qxc4 Bg7 25. Rxa6 Bxb2 26. Rxa8 Qxa8 27. c3 Qa1+ 28. Qf1 Bxc3 29. Qxa1 Bxa1 30. Nxd6 1/2-1/2

[Event "IECG WC.2003.F.00003 email"]
[Site "IECG email"]
[Date "2003.12.20"]
[Round "?"]
[White "Elburg, John"]
[Black "Pahlen, Hans"]
[Result "0-1"]
[WhiteElo "2242"]
[BlackElo "2272"]
[PlyCount "68"]
[EventDate "2003.12.20"]
[EventType "tourn (corr)"]
[EventRounds "14"]
[SourceTitle "Corr 2008"]
[Source "ChessBase"]
[SourceDate "2008.06.24"]
[SourceVersion "1"]
[SourceVersionDate "2008.06.24"]
[SourceQuality "1"]

1. e4 c5 2. Nf3 Nc6 3. d4 cxd4 4. Nxd4 Nf6 5. Nc3 e5 6. Ndb5 d6 7. Bg5 a6 8. Na3 b5 9. Bxf6 gxf6 10. Nd5 Bg7 11. Bd3 Ne7 12. Nxe7 Qxe7 13. c4 f5 14. 0-0 0-0 15. Qh5 Rb8 16. exf5 e4 17. Rae1 Bb7 18. Qg4 Rfe8 19. cxb5 d5 20. bxa6 Bc6 21. b3 Kh8 22. Nb1 Rg8 23. Qh5 Bd4 24. Be2 Rg5 25. Qh6 Rbg8 26. g3 Ba8 27. Rd1 Bc5 28. Nd2 Qe5 29. Kh1 Rxf5 30. f4 Qb2 31. Qh3 Rf6 32. Qh5 Bb4 33. Nb1 d4 34. Qe5 Kg7 0-1

[Event "IECG CM.2003.0.00233 email"]
[Site "IECG email"]
[Date "2003.10.08"]
[Round "?"]
[White "Pahlen, Hans"]
[Black "Tritt, Maciej"]
[Result "1-0"]
[WhiteElo "2267"]
[BlackElo "2273"]
[PlyCount "75"]
[EventDate "2003.10.08"]
[EventType "tourn (corr)"]
[EventRounds "5"]
[SourceTitle "Corr 2008"]
[Source "ChessBase"]
[SourceDate "2008.06.24"]
[SourceVersion "1"]
[SourceVersionDate "2008.06.24"]
[SourceQuality "1"]

1. Nf3 d5 2. g3 Bg4 3. Bg2 c6 4. d3 Nd7 5. Nbd2 e5 6. 0-0 Ngf6 7. h3 Bh5 8. e4 dxe4 9. dxe4 Bc5 10. Qe1 0-0 11. Nc4 Qe7 12. Nh4 Qe6 13. Ne3 Rfd8 14. Nef5 a5 15. Be3 b6 16. a3 Kh8 17. g4 Bg6 18. Rd1 Bxe3 19. Qxe3 Nc5 20. f4 a4 21. g5 Rxd1 22. Rxd1 Nfd7 23. Rd6 Qe8 24. Qc3 Rc8 25. b4 axb3 26. cxb3 Ne6 27. fxe5 c5 28. Bf1 Nxg5 29. Rd5 Bxf5 30. Nxf5 Rc7 31. Bb5 Ne6 32. Qf3 Kg8 33. Kh2 Nef8 34. Qg3 g6 35. Bc4 Kh8 36. Nd6 Qe7 37. a4 Ne6 38. Rd2 1-0

[Event "IECG CM.2001.0.00155"]
[Site "IECG email"]
[Date "2001.09.23"]
[Round "?"]
[White "Pahlen, Hans"]
[Black "Dyakov, Alexander V"]
[Result "1-0"]
[WhiteElo "2228"]
[BlackElo "2250"]
[PlyCount "79"]
[EventDate "2001.09.23"]
[EventType "tourn (corr)"]
[EventRounds "6"]
[SourceTitle "Corr 2008"]
[Source "ChessBase"]
[SourceDate "2008.06.24"]
[SourceVersion "1"]
[SourceVersionDate "2008.06.24"]
[SourceQuality "1"]

1. d4 d5 2. c4 c6 3. Nf3 Nf6 4. Nc3 dxc4 5. a4 Bf5 6. Ne5 Nbd7 7. Nxc4 Qc7 8. g3 e5 9. dxe5 Nxe5 10. Bf4 Rd8 11. Qc1 Bd6 12. Nxd6+ Qxd6 13. Bg2 Qe7 14. 0-0 a5 15. h3 0-0 16. g4 Bc8 17. Qe3 Rfe8 18. Rad1 Rxd1 19. Rxd1 h6 20. g5 hxg5 21. Bxg5 Bf5 22. f4 Ng6 23. Qxe7 Nxe7 24. e4 Be6 25. Bxf6 gxf6 26. f5 Bb3 27. Rd7 b6 28. Bf1 Kf8 29. Kg2 Rb8 30. Kf3 Ke8 31. Rd6 Rd8 32. Rxd8+ Kxd8 33. Be2 Kd7 34. Bd1 Bc4 35. Nb1 Kd6 36. Nd2 Kc5 37. Nxc4 Kxc4 38. Kf4 Ng8 39. Bh5 Nh6 40. e5 1-0

[Event "IECG CM.2001.0.00155"]
[Site "IECG email"]
[Date "2001.09.23"]
[Round "?"]
[White "Pahlen, Hans"]
[Black "Valdivie Rodriguez, M Alejandro"]
[Result "1/2-1/2"]
[WhiteElo "2228"]
[BlackElo "2233"]
[PlyCount "49"]
[EventDate "2001.09.23"]
[EventType "tourn (corr)"]
[EventRounds "6"]
[SourceTitle "Corr 2008"]
[Source "ChessBase"]
[SourceDate "2008.06.24"]
[SourceVersion "1"]
[SourceVersionDate "2008.06.24"]
[SourceQuality "1"]

1. d4 d5 2. c4 Bf5 3. cxd5 Bxb1 4. Qa4+ c6 5. Rxb1 Qxd5 6. Nf3 Nd7 7. b4 e5 8. e3 exd4 9. Nxd4 Ngf6 10. Qc2 a5 11. bxa5 Qxa5+ 12. Bd2 Qxa2 13. Rxb7 Qxc2 14. Nxc2 Bd6 15. f3 0-0 16. Bc3 Ra2 17. Bxf6 Nxf6 18. Kd2 Rd8 19. Bc4 Ba3+ 20. Kc3 Nd5+ 21. Bxd5 cxd5 22. Nxa3 Rxa3+ 23. Kd4 Ra4+ 24. Kd3 Ra3+ 25. Kd4 1/2-1/2

[Event "IECG CM.2001.0.00152"]
[Site "IECG email"]
[Date "2001.08.20"]
[Round "?"]
[White "Koch, Christian"]
[Black "Pahlen, Hans"]
[Result "0-1"]
[WhiteElo "2221"]
[BlackElo "2241"]
[PlyCount "60"]
[EventDate "2001.08.20"]
[EventType "tourn (corr)"]
[EventRounds "6"]
[SourceTitle "Corr 2008"]
[Source "ChessBase"]
[SourceDate "2008.06.24"]
[SourceVersion "1"]
[SourceVersionDate "2008.06.24"]
[SourceQuality "1"]

1. d4 Nf6 2. c4 c5 3. d5 e6 4. Nc3 exd5 5. cxd5 d6 6. e4 g6 7. Nf3 Bg7 8. Be2 0-0 9. 0-0 a6 10. a4 Bg4 11. Bf4 Bxf3 12. Bxf3 Qe7 13. Qd2 Nbd7 14. Rae1 c4 15. Be2 Rfc8 16. f3 Nc5 17. Bxc4 Nh5 18. Be3 Bxc3 19. Qxc3 Nxa4 20. Qb4 b5 21. Bd3 Nc5 22. Bc2 Rc7 23. Qd2 a5 24. Ra1 b4 25. Bd4 Rac8 26. Bd1 Ra7 27. Re1 Raa8 28. f4 Nxe4 29. Rxe4 Qxe4 30. Bxh5 Rc2 0-1

[Event "IECG CM.2001.0.00152"]
[Site "IECG email"]
[Date "2001.08.20"]
[Round "?"]
[White "Lakatos, Stefan"]
[Black "Pahlen, Hans"]
[Result "1/2-1/2"]
[WhiteElo "2270"]
[BlackElo "2241"]
[PlyCount "87"]
[EventDate "2001.08.20"]
[EventType "tourn (corr)"]
[EventRounds "6"]
[SourceTitle "Corr 2008"]
[Source "ChessBase"]
[SourceDate "2008.06.24"]
[SourceVersion "1"]
[SourceVersionDate "2008.06.24"]
[SourceQuality "1"]

1. e4 c5 2. c3 g6 3. d4 cxd4 4. cxd4 d5 5. exd5 Nf6 6. Bb5+ Bd7 7. Bc4 b5 8. Bb3 Bg7 9. Nf3 0-0 10. 0-0 Bc8 11. Bg5 Bb7 12. Re1 Re8 13. Ne5 h6 14. Bh4 a5 15. d6 e6 16. Nc3 a4 17. Bc2 Qxd6 18. Qd3 Nbd7 19. Bxf6 Nxf6 20. Qxb5 Reb8 21. Qc5 Qd8 22. Bxa4 Ra5 23. Bb5 Rc8 24. Qb4 Bf8 25. Qb3 Qxd4 26. a4 Ng4 27. Nxg4 Qxg4 28. Bf1 Ba8 29. Qd1 Qh4 30. Bb5 Rd8 31. Qe2 Bd6 32. h3 Bc5 33. Rad1 Rd4 34. Rxd4 Bxd4 35. Qc2 Qf4 36. b4 Ra7 37. Ne4 Rc7 38. Qd1 Qe5 39. Qe2 Bd5 40. Bd3 f5 41. Nd2 Qxe2 42. Rxe2 Rc1+ 43. Nf1 Ra1 44. a5 1/2-1/2

[Event "IECG CM.2001.0.00152"]
[Site "IECG email"]
[Date "2001.08.20"]
[Round "?"]
[White "Pahlen, Hans"]
[Black "Van der Ploeg, Geert Roelof"]
[Result "0-1"]
[WhiteElo "2241"]
[BlackElo "2142"]
[PlyCount "80"]
[EventDate "2001.08.20"]
[EventType "tourn (corr)"]
[EventRounds "6"]
[SourceTitle "Corr 2008"]
[Source "ChessBase"]
[SourceDate "2008.06.24"]
[SourceVersion "1"]
[SourceVersionDate "2008.06.24"]
[SourceQuality "1"]

1. d4 Nf6 2. c4 c5 3. d5 b5 4. cxb5 a6 5. f3 e6 6. e4 exd5 7. exd5 Bd6 8. Qe2+ Kf8 9. Nc3 axb5 10. Be3 c4 11. Nxb5 Qa5+ 12. Nc3 Nxd5 13. Qxc4 Nxc3 14. bxc3 Nc6 15. Kf2 Ba6 16. Qb3 Rb8 17. Qc2 Ba3 18. Rb1 Rxb1 19. Qxb1 Bxf1 20. Qxf1 Qxc3 21. Ne2 Qc4 22. Qd1 Ke7 23. Qd2 Bb4 24. Qb2 Ra8 25. Ra1 Ra3 26. Qxg7 Rxe3 27. Kxe3 Qc5+ 28. Nd4 Bc3 29. Rd1 h6 30. Qxh6 Bxd4+ 31. Ke2 Qc4+ 32. Ke1 Bc3+ 33. Kf2 Qxa2+ 34. Kg1 Bd4+ 35. Kh1 Qe2 36. Qc1 Bc3 37. Qg5+ Bf6 38. Qc5+ Ke8 39. Qd5 Nd4 40. f4 Qxd1# 0-1

[Event "IECG C1.2001.0.00343"]
[Site "IECG email"]
[Date "2001.03.04"]
[Round "?"]
[White "Pahlen, Hans"]
[Black "Herold, Michel"]
[Result "1-0"]
[WhiteElo "2192"]
[BlackElo "2140"]
[PlyCount "35"]
[EventDate "2001.03.04"]
[EventType "tourn (corr)"]
[EventRounds "6"]
[SourceTitle "Corr 2008"]
[Source "ChessBase"]
[SourceDate "2008.06.24"]
[SourceVersion "1"]
[SourceVersionDate "2008.06.24"]
[SourceQuality "1"]

1. Nf3 g6 2. c4 Bg7 3. Nc3 e5 4. e4 d6 5. d4 Nc6 6. d5 Nce7 7. Be2 f5 8. exf5 Nxf5 9. Bg5 Nf6 10. g4 Ne7 11. Nd2 0-0 12. Nde4 Nxe4 13. Nxe4 h6 14. Be3 b6 15. Qd2 Kh7 16. 0-0-0 g5 17. h4 gxh4 18. Rxh4 1-0

[Event "IECG C1.2001.0.00333"]
[Site "IECG email"]
[Date "2001.01.28"]
[Round "?"]
[White "Garcia, Hamlet Danilo"]
[Black "Pahlen, Hans"]
[Result "1/2-1/2"]
[WhiteElo "2191"]
[BlackElo "2192"]
[PlyCount "57"]
[EventDate "2001.01.28"]
[EventType "tourn (corr)"]
[EventRounds "6"]
[SourceTitle "Corr 2008"]
[Source "ChessBase"]
[SourceDate "2008.06.24"]
[SourceVersion "1"]
[SourceVersionDate "2008.06.24"]
[SourceQuality "1"]

1. e4 c5 2. Nf3 Nc6 3. d4 cxd4 4. Nxd4 Nf6 5. Nc3 e5 6. Ndb5 d6 7. Bg5 a6 8. Na3 b5 9. Bxf6 gxf6 10. Nd5 Bg7 11. Bd3 Ne7 12. Nxe7 Qxe7 13. c3 f5 14. Nc2 Qb7 15. f3 f4 16. Nb4 Be6 17. g3 a5 18. Nd5 Bxd5 19. exd5 b4 20. Rb1 Qb6 21. Qa4+ Ke7 22. Qc2 Rab8 23. c4 b3 24. axb3 Qxb3 25. Rg1 Bh6 26. Rg2 a4 27. Ra1 Qxc2 28. Rxc2 Rb3 29. Be4 1/2-1/2

[Event "IECG WC.2004.P.00009 email"]
[Site "IECG email"]
[Date "2001.01.22"]
[Round "?"]
[White "De Silva, Dinesh"]
[Black "Pahlen, Hans"]
[Result "1-0"]
[WhiteElo "1880"]
[BlackElo "2192"]
[PlyCount "57"]
[EventDate "2001.01.22"]
[EventType "tourn (corr)"]
[EventRounds "8"]
[SourceTitle "Corr 2008"]
[Source "ChessBase"]
[SourceDate "2008.06.24"]
[SourceVersion "1"]
[SourceVersionDate "2008.06.24"]
[SourceQuality "1"]

1. e4 c5 2. c3 Nf6 3. e5 Nd5 4. d4 cxd4 5. Nf3 Nc6 6. cxd4 d6 7. Bc4 Nb6 8. Bb3 dxe5 9. d5 Na5 10. Nc3 Nxb3 11. Qxb3 e6 12. Nxe5 exd5 13. Be3 Bd6 14. Qb5+ Kf8 15. 0-0-0 Be6 16. f4 Bxe5 17. fxe5 h6 18. Kb1 Kg8 19. Ka1 Kh7 20. Qd3+ g6 21. h4 Kg7 22. h5 Rc8 23. hxg6 fxg6 24. Nb5 Nc4 25. Bd4 Qe7 26. Rdf1 Rhf8 27. Rf6 Qe8 28. Qg3 a6 29. Qf4 1-0

[Event "IECG WC.2004.P.00009 email"]
[Site "IECG email"]
[Date "2001.01.22"]
[Round "?"]
[White "Fisher, Geof"]
[Black "Pahlen, Hans"]
[Result "0-1"]
[WhiteElo "1663"]
[BlackElo "2192"]
[PlyCount "50"]
[EventDate "2001.01.22"]
[EventType "tourn (corr)"]
[EventRounds "8"]
[SourceTitle "Corr 2008"]
[Source "ChessBase"]
[SourceDate "2008.06.24"]
[SourceVersion "1"]
[SourceVersionDate "2008.06.24"]
[SourceQuality "1"]

1. d4 Nf6 2. c4 c5 3. d5 e6 4. Nc3 exd5 5. cxd5 d6 6. e4 g6 7. Nf3 a6 8. a4 Bg4 9. Be2 Bxf3 10. Bxf3 Nbd7 11. 0-0 Bg7 12. Be3 0-0 13. Be2 Re8 14. f3 Nh5 15. Qd2 f5 16. Bg5 Bf6 17. Bxf6 Qxf6 18. Rad1 f4 19. a5 Ne5 20. Na4 Re7 21. b4 cxb4 22. Nb6 Rf8 23. Qxb4 Ng3 24. Rfe1 g5 25. hxg3 fxg3 0-1

[Event "IECG WC.2004.P.00009 email"]
[Site "IECG email"]
[Date "2001.01.22"]
[Round "?"]
[White "Pahlen, Hans"]
[Black "Maloberti, David"]
[Result "1-0"]
[WhiteElo "2192"]
[BlackElo "1968"]
[PlyCount "87"]
[EventDate "2001.01.22"]
[EventType "tourn (corr)"]
[EventRounds "8"]
[SourceTitle "Corr 2008"]
[Source "ChessBase"]
[SourceDate "2008.06.24"]
[SourceVersion "1"]
[SourceVersionDate "2008.06.24"]
[SourceQuality "1"]

1. d4 Nf6 2. c4 g6 3. Nc3 Bg7 4. e4 d6 5. Nf3 0-0 6. Be2 e5 7. 0-0 Nc6 8. d5 Ne7 9. b4 Nh5 10. Re1 f5 11. Ng5 Nf6 12. Bf3 c6 13. Be3 f4 14. Bc1 h6 15. Ne6 Bxe6 16. dxe6 Nc8 17. b5 Qe7 18. bxc6 bxc6 19. c5 Qxe6 20. Ba3 Rd8 21. Qd3 Bf8 22. Bd1 Qe8 23. Bb3+ Kg7 24. Rad1 Rd7 25. Qa6 dxc5 26. Rxd7+ Qxd7 27. Na4 Qc7 28. Nxc5 Bxc5 29. Bxc5 Nb6 30. Rd1 Nxe4 31. Bxb6 Qxb6 32. Qe2 Qxf2+ 33. Qxf2 Nxf2 34. Kxf2 e4 35. Rd7+ Kf6 36. Rd6+ Kf5 37. Rxc6 Rd8 38. Ke1 Rd4 39. Ra6 g5 40. Rxh6 g4 41. Be6+ Kg5 42. Rh8 e3 43. Rg8+ Kf6 44. Bxg4 1-0